000 00631nam a2200169 i 4500
001 185218
003 ES-MaACL
005 20230906222355.0
008 160419q1909 ne |||| | fre d
110 2 _aMartinus Nijhoff (La Haya)
_9159006
245 1 0 _aCatalogue [nº 376]
_b: livres anciens et modernes en vente aux prix marqués chez Martinues Nijhoff : socialisme, communisme et anarchisme.
260 _aLa Haye :
_bMarinus Nijhoff,
_c1909.
300 _a38 p. ;
_c23 cm.
610 2 4 _aMartinus Nijhoff (La Haya)-
_vCatálogos.
_9159007
650 4 _aLibros-
_vCatálogos comerciales.
_9159004
852 _aES-MaACL
_j1513-F-4
999 _c185218
_d185218